On This Day: March 17th II Quiz Stats

 Plays Quiz Updated Mar 17, 2018

Score 0/7 Timer 03:00
1 Play Today
Question Answer Wrong Answers
US President Dwight D. Eisenhower signs the National Security Council directive on the anti-Cuban covert action program that will ultimately lead to the ______ Invasion.
1960
Bay of Pigs
95.1%
Gulf of Sheep
1.4%
Harbor of Cows
0.5%
Lagoon of Chickens
0.5%
Belgium, France, Luxembourg, the Netherlands and the United Kingdom sign the Treaty of Brussels, a precursor to this treaty establishing NATO.
1948
North Atlantic Treaty
82.7%
National Agreement Treaty
4.1%
Neighboring Alliance Treaty
10.5%
New Assembly Treaty
1.4%
Eleven years after his death, 71 paintings from this Dutch artist finally cause a sensation at a show in Paris.
1901
Vincent van Gogh
79.7%
Johannes Vermeer
10.2%
Claude Monet
6.5%
Paul Cézanne
2.9%
This American actor and musician, known for several memorable roles including George Milton in ‘Of Mice and Men’ and Lieutenant Dan Taylor in ‘Forrest Gump’, is born.
1955
Gary Sinise
70.9%
Tom Hanks
17.4%
Bill Paxton
7.2%
Kevin Bacon
2.7%
Robin Cook, the leader of the House of Commons and a former foreign secretary, resigns from the British Cabinet after disagreeing with government plans for the 2003 invasion of ______.
2003
Iraq
67.5%
Afghanistan
24.3%
Somalia
3.8%
Ukraine
1.8%
Fearing for his life during the 1959 Tibetan uprising, this man, the 14th Dalai Lama, flees Tibet for India.
1959
Tenzin Gyatso
47.6%
Thich Nhat Hanh
22%
Dilgo Khyentse
8.1%
Thupten Jinpa
20.2%
This now-common office supply is patented by London resident Stephen Perry.
1845
Rubber band
18.6%
Paper clip
51.3%
Ballpoint pen
11.7%
Stapler
18.2%

You're not logged in!

Compare scores with friends on all Sporcle quizzes.
OR
Log In

You Might Also Like...

Show Comments

Extras

Top Quizzes Today


Score Distribution

Your Account Isn't Verified!

In order to create a playlist on Sporcle, you need to verify the email address you used during registration. Go to your Sporcle Settings to finish the process.

Report this User

Report this user for behavior that violates our Community Guidelines.

Details: